000 00806nas a2200265 4500
001 BR0703509
003 BR-BrBNA
005 20231205110855.0
007 ta
008 230509b bl.|||p| |||| 00| 00por d
040 _aBR-BrBNA
_bpor
_cBiblioteca Nacional de Agricultura
041 _a(Pt)
072 _aE13
100 1 _aAnon.
245 1 _aDívida 1,2 e 3. Endividamento agrícola; o peso dos compromissos. A crise em 2004 e 2005. Limites para crescer
650 _aCRÉDITO RURAL
650 _aEMPRÉSTIMO
650 _aAGRICULTURA
650 _aCOOPERATIVA
650 _aPRODUTO INTERNO BRUTO
650 _aFINANCIAMENTO
773 0 _tAgroanalysis (Brazil)
_xISSN 0100-4298
_g(Apr 2007), v. 27(4) p. 22-25
_wBR0703509
909 _a202311
_bLúcia
_c55
_dLúcia Elande
942 _2AGRIS
_n0
_cANA
999 _c189533
_d189533